00338nam a2200133 a 4500008004100000020001500041050001600056100001800072245003700090260002800127300001600155350000900171650002400180120416s1969 ||||||||||||||||| || u a0435835904 aBL 2400 Mbi aMbiti, John S10aAfrican religions and philosophy aLondonbHeinemannc1969 axiii, 290p. a0.00 aPhilosophy, African